Democracia y libertad de expresión en América Latina: la amenaza del ímpetu devorador de los derechos /
Guardado en:
| Hovedforfatter: | |
|---|---|
| Format: | Texto |
| Fag: | |
| Tags: |
Tilføj Tag
Ingen Tags, Vær først til at tagge denne postø!
|
MARC
| LEADER | 00000 a a2200000 04500 | ||
|---|---|---|---|
| 001 | 7679 | ||
| 003 | |||
| 040 | |||
| 100 | |a Fuentes Torrijo, Ximena | ||
| 245 | |a Democracia y libertad de expresión en América Latina: la amenaza del ímpetu devorador de los derechos / |c Ximena Fuentes Torrijo | ||
| 650 | |a DERECHOS HUMANOS | ||
| 650 | |a LIBERTAD DE PALABRA | ||
| 650 | |a CONSTITUCIONES | ||
| 650 | |a LIBERALISMO | ||
| 650 | |a DEMOCRACIA | ||
| 773 | |g volumen 35, número 137; páginas 29-51 | ||
| 999 | |c 37928 |d 37928 | ||
